00308nam a2200109Ia 4500008004100000041000800041082001900049100002000068245005100088260004000139300001900179241028s9999 xx 000 0 und d aeng a658.403801 STA aStair/ Reynolds aPrinciples Of Information Systems With Mindtap bCengage Learning IndiaaDehlic2021 a584;. P. 27 cm